Post-conflict reconstruction and development in Africa : concepts, role-players, policy and practice (Record no. 172993)

MARC details
000 -LEADER
fixed length control field 00347nam a2200097Ia 4500
082 ## - DEWEY DECIMAL CLASSIFICATION NUMBER
Classification number 327.172096|POST
008 - FIXED-LENGTH DATA ELEMENTS--GENERAL INFORMATION
fixed length control field 210817s9999 xx 000 0 und d
100 ## - MAIN ENTRY--PERSONAL NAME
Personal name Neethling, Theo Cape Town, South Africa
9 (RLIN) 54800
245 #0 - TITLE STATEMENT
Title Post-conflict reconstruction and development in Africa : concepts, role-players, policy and practice
942 ## - ADDED ENTRY ELEMENTS
item type Books
Holdings
Withdrawn status Lost status Damaged status Not for loan Home library Current library Date acquired Cost, normal purchase price Total Checkouts Barcode Date last seen Price effective from item type
        Emthonjeni PL (MMID-PLEMA-EMTH) Emthonjeni PL (MMID-PLEMA-EMTH) 18.08.2021 275.00   3322810041095 18.08.2021 18.08.2021 Books